Bloodborne Bosses - Statistics

General Stats
  • This quiz has been taken 2,131 times
  • The average score is 18 of 37
Answer Stats
Hint Answer % Correct
Central Yharnam Cleric Beast
91%
Byrgenwerth Rom, the Vacuous Spider
86%
Old Yharnam Blood-Starved Beast
85%
Father Gascoigne
84%
Cathedral Ward Vicar Amelia
83%
Hemwick Charnel Lane Witches of Hemwick
83%
Nightmare Frontier Amygdala
80%
Astral Clocktower Lady Maria of the Astral Clocktower
79%
Fishing Hamlet Orphan of Kos
78%
Forbidden Woods Shadows of Yharnam
75%
Hunter's Nightmare Ludwig the Accursed/Holy Blade
74%
Nightmare of Mensis Micolash, Host of the Nightmare
72%
The One Reborn
69%
Hunter's Dream Gehrman, the First Hunter
68%
Cainhurst Castle Martyr Logarius
68%
Moon Presence
67%
Mergo's Wet Nurse
66%
Research Hall Living Failures
62%
Yahar'ghul, the Unseen Village Darkbeast Paarl
60%
Ebrietas, Daughter of the Cosmos
56%
Laurence, the First Vicar
56%
Yharnam, Pthumerian Queen
30%
Upper Cathedral Ward Celestial Emmisary
24%
Bloodletting Beast
20%
Chalice Dungeon Undead Giant
20%
Watchdog of the Old Lords
19%
Brainsucker
13%
Pthumerian Descendant
13%
Keeper of the Old Lords
12%
Abhorrent Beast
11%
Loran Darkbeast
11%
Maneater Boar
11%
Pthumerian Elder
11%
Loran Silverbeast
9%
Merciless Watchers
8%
Beast-Possessed Soul
7%
Forgotten Madman
6%
No matching quizzes found
Score Distribution
Percent of People with Each Score
Percentile by Number Answered
Your Score History
You have not taken this quiz